| 000 | 00682nam 22002173 4500 | ||
|---|---|---|---|
| 001 | 198763 | ||
| 021 | _aPT | ||
| 090 | _a198763 | ||
| 100 | _a20251103d u||y0pory50 ba | ||
| 200 |
_aSermões para a páscoa _fSto. Agostinho _gtradução P.e António Fazenda, S.J. |
||
| 210 |
_aLisboa _cVerbo _dimp.1974 |
||
| 215 |
_a229, [3] p. _cbrochado _d20 cm |
||
| 225 |
_aOrigens do Cristianismo _fDirigida por António Montes Moreira _v2 |
||
| 606 |
_912098 _aReligião _xSermões |
||
| 610 | _aOrigens do Cristianismo | ||
| 675 |
_a27 _vPT _zpor |
||
| 700 |
_97900 _aAgostinho _bSanto _f354-430 |
||
| 702 |
_914680 _aFazenda _bAntónio |
||
| 801 |
_aPT _bBMMN _gRPC |
||
| 830 |
_cAna _fAna |
||
| 990 | _cLIVROS | ||